000 00854nam a2200253Ia 4500
003 OSt
005 20220923215713.0
006 a|||||r|||| 00| 0
007 ta
008 220922b |||||||| |||| 00| 0 hin d
024 _a181,021
037 _cTextual
040 _aARTS
_cARTS
_bhin
041 _2hin
_ahin
082 _aO152,1N273:g, L9
100 _aपालीवाल, कृष्णदत्त
245 0 _aसर्वेश्वर और उनकी कविता
246 _aSarveshvar aur unakī kavitā
260 _aदिल्ली
_b लिपि प्रकाशन
_c1979
300 _a152 पृ.
_ccm.
650 _aहिन्दी साहित्य
_9156264
942 _hO152,1N273:g, L9
_cTEXL
_2CC
999 _c334399
_d334399